000 00701cam a22002651 4500
001 sa 66006379
003 DLC
005 20260227112256.0
008 780919s1965 ii ach b 001 0beng
010 _asa 66006379
025 _aPL480:I-E-5911
035 _a(OCoLC)4236417
040 _aDLC
_cIU
_dOCoLC
_dDLC
042 _apremarc
043 _aa-ii---
050 0 0 _aDS481.G3
_bT68
082 _a343.310924
245 0 0 _aTrial of Gandhiji.
260 _aAhmedabad,
_bV.R. Shah
_c[1965]
300 _axi, xlv, 268 p.
_billus., facsims., ports.
_c30 cm.
504 _aBibliography: p. xlv.
500 _aIncludes index.
600 1 0 _aGandhi,
_cMahatma,
_d1869-1948.
700 1 _aShah, V. R.
999 _c70492
_d70492